| 000 | 00476nam a2200169Ia 4500 | ||
|---|---|---|---|
| 008 | 220104s9999 xx 000 0 und d | ||
| 100 | _aOng H K | ||
| 245 | 0 | _aEffect of feeding rubber seed meal- based diets on performance and serum thiocyanate level of growing-finishing pigs Duroc. | |
| 650 | _aDiets | ||
| 650 | _aGrowth | ||
| 650 | _aPigs | ||
| 650 | _aRubber seed | ||
| 650 | _aRubber seed meal | ||
| 650 | _aSerum thiocyanate | ||
| 700 | _aRadem J | ||
| 942 | _cBE | ||
| 999 |
_c47534 _d47534 |
||